Lost in the blizzard / (Record no. 3430)

MARC details
000 -LEADER
fixed length control field 01509nam a22002297a 4500
001 - CONTROL NUMBER
control field 3430
003 - CONTROL NUMBER IDENTIFIER
control field FISKH
005 - DATE AND TIME OF LATEST TRANSACTION
control field 20240305103000.0
008 - FIXED-LENGTH DATA ELEMENTS--GENERAL INFORMATION
fixed length control field 240305b cb ||||| |||| 00| 0 eng d
040 ## - CATALOGING SOURCE
Original cataloging agency FISK
Language of cataloging eng
Transcribing agency FISK
Modifying agency FISK
050 ## - LIBRARY OF CONGRESS CALL NUMBER
Classification number PZ7.H9616
082 ## - DEWEY DECIMAL CLASSIFICATION NUMBER
Classification number 813.54
100 ## - MAIN ENTRY--PERSONAL NAME
Personal name Hutchens Paul
Dates associated with a name 1902-1977
245 ## - TITLE STATEMENT
Title Lost in the blizzard /
Statement of responsibility, etc. Paul Hutchens
300 ## - PHYSICAL DESCRIPTION
Extent 127 pages :
Dimensions 17 cm
505 ## - FORMATTED CONTENTS NOTE
Formatted contents note M
520 ## - SUMMARY, ETC.
Summary, etc. Bill Collins's garden is the scene of several encounters with a hognose snake. Will the family's pet toad, Warty, survive? A new member of the Gang, Middle Jim, offers amazing insights into the snake mystery. When winter arrives, Middle Jim puts the whole Gang in jeopardy. Will the Sugar Creek Gang survive the night in the fierce storm? Discover with the boys the important truth of the great hymn "A Mighty Fortress Is Our God." The Sugar Creek Gang series chronicles the faith-building adventures of a group of fun-loving, courageous Christian boys. These classic stories have been inspiring children to grow in their faith for more than five decades. More than three million copies later, children continue to grow up relating to members of the gang as they struggle with the application of their Christian faith to the adventure of life. Now that these stories have been updated for a new generation, you and your child can join in the Sugar Creek excitement.
521 8# - TARGET AUDIENCE NOTE
Target audience note M
Source estimates,
700 ## - ADDED ENTRY--PERSONAL NAME
Personal name Paul Hutchens
942 ## - ADDED ENTRY ELEMENTS (KOHA)
Source of classification or shelving scheme Dewey Decimal Classification
Koha item type Books
Suppress in OPAC No
Holdings
Withdrawn status Lost status Source of classification or shelving scheme Damaged status Not for loan Collection Home library Current library Shelving location Date acquired Total Checkouts Full call number Barcode Date last seen Copy number Price effective from Koha item type
    Dewey Decimal Classification     Fiction Footprints International School Library Network Toul Kork Campus Footprints International School Library Network Toul Kork Campus   03/05/2024   HUT PZ7.H9616 813.54 2024-0206 03/05/2024 1 03/05/2024 Books